=LDR 00000nam 2200000 4500 =001 NUTBA000000000004320 =005 20140911093703.0 =006 =007 =008 =020 ##$$a 979-610-471-7 =035 ##$$a 0010-091400000000353 =040 ##$$a NBPDMAT =082 ##$$a 540.1 =084 ##$$a 540.1 For m =100 ##$$a Forum Tentor =245 ##$$a Metode Cling...! semua materi kimia gak pake mikir SMP kelas VII,VIII dan IX / $c oleh Forum Tentor; penyunting, Muji Lestari,Dian Wuri Astuti =260 ##$$a Yogyakarta : $b Pustaka Widyatama, $c 2011 =300 ##$$a viii, 214 hlm. : $b ilus. 14 cm. =500 ##$$a Bibliografi : hlm. 214 =650 ##$$a Kimia-SMP =700 ##$$a Dian Wuri Astuti =990 ##$$a 21410217